000 00568cam a22002053a 4500
001 43226
003 PGUSA
005 20140828084001.0
008 130716s2013||||xxu|||||s|||||000 | eng d
040 _aPGUSA
_beng
042 _adc
100 1 _aDeledda, Grazia,
_d1871-1936
245 1 0 _aDopo il divorzio
_h[electronic resource] /
_cGrazia Deledda
260 _bProject Gutenberg,
_c2013
506 _aPublic domain in the USA.
516 _aElectronic text
830 0 _aProject Gutenberg
_v43226
856 4 0 _uhttp://www.gutenberg.org/ebooks/43226
942 _cEB
999 _c272477
_d272477